00452 a2200145 4500003000500000005001700005040000900022082001000031245003700041260003000078300001000108505013800118538003200256650001800288Nust20170207154214.0 cNust a378.4 aWrittlr CollegebWrittlr College aEssexbUni of Essexc2001 a97 p. aThe College (page-7) Student Life (page-11) Resources for Learning (page-17) Study Programmes (page-27) General Information (page-83) aAlmirah No. 117 Shelf No. 2 aUG Prospectus